Harry Potter General Knowledge - Statistics

General Stats
  • This quiz has been taken 3,864 times
    3,635 since last reset
  • The average score is 10 of 12
Answer Stats
Hint Answer % Correct
Who is Harry Potter's Godfather? Sirius Black
99%
Who wrote the Harry Potter books? J.K.Rowling
97%
What house was Luna Lovegood in? Ravenclaw
97%
How many Harry Potter books are there? Seven
97%
Who is Harry's greatest enemy? Voldemort
97%
Who killed Nagini? Neville Longbottom
95%
Who is the only Weasley child who doesn't appear in the films? Charlie Weasley
92%
What is the name of the mischief making poltergeist? Peeves
83%
What is the Weasley's home called? The Burrow
81%
Where did Harry live until he was fifteen months old? Godric's Hollow
67%
What type of animal do Harry and his friends ride to the Ministry of Magic in 5th year? Thestrals
65%
What is the name of Ron's owl? Pigwidgeon
60%
No matching quizzes found
Score Distribution
Percent of People with Each Score
Percentile by Number Answered
Your Score History
You have not taken this quiz since the last reset